000 00288nam a22001337a 4500
999 _c161770
_d161770
020 _a
082 _a
_b
100 _aRajmani Sharma
245 _aAadhunik bhasha vignan/
_cby Rajmani Sharma.
260 _aNew Delhi:
_bVani,
_c2007.
300 _a371p.
650 _a
942 _cBK